Builders of Modern India: (Record no. 208080)
[ view plain ]
| 000 -LEADER | |
|---|---|
| fixed length control field | 00612nam a22001937a 4500 |
| 005 - DATE AND TIME OF LATEST TRANSACTION | |
| control field | 20250106151815.0 |
| 010 ## - LCCN (DPL NO) | |
| LC control number | ENG-143153 |
| 020 ## - INTERNATIONAL STANDARD BOOK NUMBER | |
| Terms of availability | 995.00 |
| International Standard Book Number | 9788195321964 |
| 035 ## - SYSTEM CONTROL NUMBER | |
| System control number | EN-126685 |
| 037 ## - SOURCE OF ACQUISITION | |
| Source of stock number/acquisition | DBAD |
| 082 ## - DEWEY DECIMAL CLASSIFICATION NUMBER | |
| Classification number | 921 |
| 100 ## - MAIN ENTRY--PERSONAL NAME | |
| Personal name | Ravinder Kumar |
| 245 ## - TITLE STATEMENT | |
| Title | Builders of Modern India: |
| Remainder of title | K.B. Hedgewar/ |
| Statement of responsibility, etc | By Dr. Ravinder Kumar |
| 260 ## - PUBLICATION, DISTRIBUTION, ETC. (IMPRINT) | |
| Place of publication, distribution, etc | Shahdara |
| Name of publisher, distributor, etc | Keshav Books |
| Date of publication, distribution, etc | 2021 |
| 270 ## - ADDRESS | |
| Address | F-7, Gali No.1, 3rd Floor Panchsheel Garden Extn. Naveen Shahdara |
| City | Delhi |
| Postal code | 110032 |
| Electronic mail address | keshavbooks@gmail.com |
| 300 ## - PHYSICAL DESCRIPTION | |
| Extent | 298p. |
| Dimensions | 23cm(hb) |
| 700 ## - ADDED ENTRY--PERSONAL NAME | |
| 9 (RLIN) | 75806 |
| 942 ## - ADDED ENTRY ELEMENTS (KOHA) | |
| Source of classification or shelving scheme | Dewey Decimal Classification |
| Item type | English Books |
| Classification part | 921 |
| Call number suffix | RAV |
| Withdrawn status | Lost status | Not for loan | Collection code | Home library | Current library | Date acquired | Source of acquisition | Cost, normal purchase price | Full call number | Barcode | Copy number | Cost, replacement price | Koha item type |
|---|---|---|---|---|---|---|---|---|---|---|---|---|---|
| Non-fiction | Kadipur | Kadipur | 06/01/2025 | DBAD | 995.00 | 921 RAV | EN-126685 | 1 | 995.00 | English Books |
